Education in Italy / (Record no. 20311)
[ view plain ]
| 000 -LEADER | |
|---|---|
| fixed length control field | 01389cam a22003251a 4500 |
| 001 - CONTROL NUMBER | |
| control field | e 19000350 |
| 003 - CONTROL NUMBER IDENTIFIER | |
| control field | DLC |
| 005 - DATE AND TIME OF LATEST TRANSACTION | |
| control field | 20260227111210.0 |
| 008 - FIXED-LENGTH DATA ELEMENTS--GENERAL INFORMATION | |
| fixed length control field | 860124s1919 dcu f000 0 eng c |
| 010 ## - LIBRARY OF CONGRESS CONTROL NUMBER | |
| LC control number | e 19000350 |
| 035 ## - SYSTEM CONTROL NUMBER | |
| System control number | (OCoLC)13058608 |
| 040 ## - CATALOGING SOURCE | |
| Original cataloging agency | U.S. Off. of Educ. Library |
| Transcribing agency | ABAU |
| Modifying agency | ABAU |
| -- | DLC |
| 042 ## - AUTHENTICATION CODE | |
| Authentication code | premarc |
| 050 00 - LIBRARY OF CONGRESS CALL NUMBER | |
| Classification number | L111 |
| Item number | .A6 1919, no. 36 |
| 051 ## - LIBRARY OF CONGRESS COPY, ISSUE, OFFPRINT STATEMENT | |
| Classification number | LA792 |
| Item number | .M78 |
| Copy information | Copy 2 |
| 082 ## - DEWEY DECIMAL CLASSIFICATION NUMBER | |
| Classification number | 370.6173 |
| 100 1# - MAIN ENTRY--PERSONAL NAME | |
| Personal name | Montgomery, Walter A. |
| Fuller form of name | (Walter Alexander), |
| Dates associated with a name | 1872-1949. |
| 245 10 - TITLE STATEMENT | |
| Title | Education in Italy / |
| Statement of responsibility, etc. | by Walter A. Montgomery. |
| 260 ## - PUBLICATION, DISTRIBUTION, ETC. | |
| Place of publication, distribution, etc. | Washington : |
| Name of publisher, distributor, etc. | G.P.O., |
| Date of publication, distribution, etc. | 1919. |
| 300 ## - PHYSICAL DESCRIPTION | |
| Extent | 29 p. ; |
| Dimensions | 23 cm. |
| 490 1# - SERIES STATEMENT | |
| Series statement | Bulletin / Department of the Interior, Bureau of Education ; |
| Volume/sequential designation | 1919, no. 36 |
| 500 ## - GENERAL NOTE | |
| General note | "Advance sheets from the Biennial survey of education, 1916-1918." |
| 501 ## - WITH NOTE | |
| With note | Copy 1 of L111.A6 with: Vocational education, 1919, no. 25 / William T. Bawden. Washington : Govt. Print. Off., 1919. Bound together subsequent to publication. |
| Institution to which field applies | DLC |
| 530 ## - ADDITIONAL PHYSICAL FORM AVAILABLE NOTE | |
| Additional physical form available note | Also available in digital form on the Internet Archive Web site. |
| 530 ## - ADDITIONAL PHYSICAL FORM AVAILABLE NOTE | |
| Additional physical form available note | Also available in digital form on the Internet Archive Web site. |
| 650 #0 - SUBJECT ADDED ENTRY--TOPICAL TERM | |
| Topical term or geographic name entry element | Education |
| Geographic subdivision | Italy. |
| 830 #0 - SERIES ADDED ENTRY--UNIFORM TITLE | |
| Uniform title | Bulletin (United States. Bureau of Education) ; |
| Volume/sequential designation | 1919, no. 36 |
| 856 41 - ELECTRONIC LOCATION AND ACCESS | |
| Uniform Resource Identifier | <a href="http://hdl.loc.gov/loc.gdc/scd0001.00221145756">http://hdl.loc.gov/loc.gdc/scd0001.00221145756</a> |
| 856 41 - ELECTRONIC LOCATION AND ACCESS | |
| Uniform Resource Identifier | <a href="http://hdl.loc.gov/loc.gdc/scd0001.00221145756">http://hdl.loc.gov/loc.gdc/scd0001.00221145756</a> |
No items available.